Quiz sur les juifs - niveau facile - Statistiques

Statistiques générales
  • Ce quiz a été pris 503 fois
  • Le résultat moyen est 13 sur 15
Statistiques - réponses
Question Réponse % Correct
Les Juifs prient traditionnellement dans : Une synagogue
99%
Quel est le symbole souvent associé au judaïsme ? L’étoile de David
98%
Moïse est connu pour avoir : Traversé la mer Rouge
98%
La kippa est : Un couvre-chef
98%
Les aliments casher sont : Conformes aux règles alimentaires juives
97%
La Torah est : Le livre sacré du judaïsme
97%
Israël est considéré comme : L’État juif moderne
97%
Le judaïsme est : Une religion monothéiste
97%
Les Juifs croient en : Un seul Dieu
96%
Pendant la Seconde Guerre mondiale, les Juifs ont : Été persécutés
95%
Le mur des Lamentations se trouve à : Jérusalem
87%
Le Shabbat commence : Le vendredi soir
87%
Le Bar Mitzvah est célébré à : 13 ans
83%
La fête de Hanoucca dure : 8 jours
55%
Le calendrier juif est basé sur : La lune
46%
Aucun quiz correspondant
Distribution des résultats
% des personnes avec chaque résultat
Percentile par nombre de réponses
Votre historique - résultats
Vous n’avez pas pris ce quiz